Southville International School and Colleges
Your cart is empty.
  • Cart
  • Lists
    Public lists Eva Luna New books Lux_list list_1
    Your lists Log in to create your own lists
  • Log in to your account
  • Your cookies
  • Search history
Southville International School and Colleges
  • Advanced search
  • Recent comments
  • Most popular
  • Libraries

Log in to your account

Log in with GOOGLE


If you do not have an external account, but do have a local account, you can still log in:

  1. Home
  2. MARC view: Mexico and Peru :
Normal view MARC view ISBD view

Mexico and Peru : (Record no. 8785)

[ view plain ]
MARC details
000 -LEADER
fixed length control field 00517nam a22001937a 4500
003 - CONTROL NUMBER IDENTIFIER
control field OSt
005 - DATE AND TIME OF LATEST TRANSACTION
control field 20140310182041.0
008 - FIXED-LENGTH DATA ELEMENTS--GENERAL INFORMATION
fixed length control field 130816t xxu||||| |||| 00| 0 eng d
050 ## - LIBRARY OF CONGRESS CALL NUMBER
Classification number F 1219.3.R38
Item number .Sp75 1994
082 ## - DEWEY DECIMAL CLASSIFICATION NUMBER
Classification number HS 398.2
Item number .Sp3 1994
100 ## - MAIN ENTRY--PERSONAL NAME
Personal name Spence, Lewis
9 (RLIN) 11149
245 ## - TITLE STATEMENT
Title Mexico and Peru :
Statement of responsibility, etc Lewis Spence
260 ## - PUBLICATION, DISTRIBUTION, ETC. (IMPRINT)
Place of publication, distribution, etc London :
Name of publisher, distributor, etc Senate,
Date of publication, distribution, etc c1994.
300 ## - PHYSICAL DESCRIPTION
Extent 366 p. :
Other physical details ill. ;
Dimensions 22 cm.
541 ## - IMMEDIATE SOURCE OF ACQUISITION NOTE
-- 1
600 ## - SUBJECT ADDED ENTRY--PERSONAL NAME
Personal name Lewis Spence
9 (RLIN) 11150
650 ## - SUBJECT ADDED ENTRY--TOPICAL TERM
Topical term or geographic name as entry element Myths
9 (RLIN) 11151
942 ## - ADDED ENTRY ELEMENTS (KOHA)
Source of classification or shelving scheme Library of Congress Classification
Koha item type
Holdings
Withdrawn status Lost status Source of classification or shelving scheme Damaged status Home library Current library Shelving location Date acquired Total Checkouts Full call number Barcode Date last seen Copy number Price effective from Koha item type
    Library of Congress Classification   Luxembourg Library Luxembourg Library High School Section 08/16/2013   F 1219.3.R38 .Sp75 1994 8812 11/11/2015 1 08/16/2013 Books

Mexico and Peru :

APA

Spence L., . (1994). Mexico and Peru. London: Senate.

Chicago

Spence Lewis, . 1994. Mexico and Peru. London: Senate.

Harvard

Spence L., . (1994). Mexico and Peru. London: Senate.

MLA

Spence Lewis, . Mexico and Peru. London: Senate. 1994.

  • Place hold
  • Print
  • Cite
  • Add to your cart (remove)
  • Save record
    BIBTEX Dublin Core MARCXML MARC (non-Unicode/MARC-8) MARC (Unicode/UTF-8) MARC (Unicode/UTF-8, Standard) MODS (XML) RIS
  • More searches
    Search for this title in:
    Other Libraries (WorldCat) Other Databases (Google Scholar) Online Stores (Bookfinder.com) Open Library (openlibrary.org)

Exporting to Dublin Core...

SOUTHVILLE LIBRARY

Southville International School and Colleges Library

1281 Tropical Ave. Cor. Luxembourg St., BF Homes International, Las Pinas City

Tel. No. 8256374 / 252358 Loc. 117/146

Powered by Koha